Empire Top 50 TV Shows Quiz Stats

 Plays Quiz not verified by Sporcle

Support Sporcle.
Go Orange.
Score 0/50 Timer 10:00
0 Plays Today
Genre (Years active) Show % Correct
Cartoon (1989- )The Simpsons
96.9%
Sitcom (1994-04)Friends
84.9%
Cartoon (1999- )Family Guy
84.3%
Drama (1999-07)The Sopranos
80.2%
Drama (2004- )Lost
76.9%
Cartoon (1997- )South Park
73.7%
Sitcom (1989-98)Seinfeld
73.3%
Action (2001- )24
70.8%
Sci-Fi (1966-69)Star Trek
64.4%
Fantasy (1997-03)Buffy the Vampire Slayer
62.4%
Drama (1994-09)ER
61.4%
Sitcom (2001-03)The Office
60.9%
Sci-Fi (1993-02)The X-Files
56.2%
Drama (2000- )CSI: Crime Scene Investigation
53.4%
War (2001)Band of Brothers
53.4%
Western (2004-06)Deadwood
52.1%
Sci-Fi (2003-09)Battlestar Galactica
51.1%
Cartoon (1999- )Futurama
49.2%
Drama (2002-08)The Wire
46.2%
Drama (2006- )Dexter
44.9%
Sitcom (2003-06)Arrested Development
44.7%
Sci-Fi (2002)Firefly
44.3%
Sitcom (2001- )Scrubs
43.9%
Sitcom (1993-94)Frasier
41.7%
Sci-Fi (2006- )Heroes
41.6%
Genre (Years active) Show % Correct
Drama (2001-05)Six Feet Under
41.4%
Sitcom (2000- )Curb Your Enthusiasm
40.9%
Drama (1999-06)The West Wing
40.3%
Drama (1998-04)Sex and the City
40.3%
Fantasy (1999-04)Angel
36.2%
Sci-Fi (2005- )Doctor Who
34.1%
Sketch (1969-74)Monty Python's Flying Circus
33.9%
Drama (2002-08)The Shield
30.8%
Sci-Fi (1987-94)Star Trek: The Next Generation
30.7%
Sitcom (1975-79)Fawlty Towers
25.2%
Action (2001-06)Alias
22.8%
Drama (2005-09)Prison Break
22.7%
Drama (1990-91)Twin Peaks
22.1%
Drama (2004-07)Veronica Mars
19.7%
Sci-Fi (1988-99/2009)Red Dwarf
19.6%
Sci-Fi (1989-93)Quantum Leap
16.9%
Sitcom (1999-01)Spaced
15.7%
Sitcom (1983-89)Blackadder
15.2%
Sci-Fi (1993-99)Star Trek: Deep Space Nine
14.1%
Sitcom (1981-03)Only Fools and Horses
13.3%
Sci-Fi (1994-98)Babylon 5
11.6%
Sitcom (1995-98)Father Ted
11.1%
Sci-Fi (2006-07)Life on Mars
9.2%
Sci-Fi (1993-06)Farscape
7.9%
Drama (1993-96/2006)Cracker
5.6%

You're not logged in!

Compare scores with friends on all Sporcle quizzes.
OR
Log In

From the Vault

Find the Mario Characters FAST!

by MSUKent

Just make sure to keep an eye out for the blue shell coming for you.
Remove Ads.
Support Sporcle.
Get the best of Sporcle when you Go Orange. This ad-free experience offers more features, more stats, and more fun while also helping to support Sporcle. Thank you for becoming a member.

Show Comments

Extras

Top Quizzes Today


Score Distribution

Your Account Isn't Verified!

In order to create a playlist on Sporcle, you need to verify the email address you used during registration. Go to your Sporcle Settings to finish the process.

Report this User

Report this user for behavior that violates our Community Guidelines.

Details: